000 004310000a22001210004500
090 _aAR
_b04253
245 1 0 _aHorn and wing allometry and male dimorphism in giant rhinoceros beetles (Coleoptera: Scarabaeidae) of tropical Asia and America
041 0 _aInglés
500 _a<Literatura de escarabajos coprófagos>
100 1 _aKawano, Kazuo
_998132
942 _cARTICULO
773 1 _tAnnals of the Entomological
_h1
_q92-99
_d1995
_g88
999 _c13350
_d13350